| 000 | 00839nam a2200265Ia 4500 | ||
|---|---|---|---|
| 003 | GCL | ||
| 008 | 140319s9999 xx 000 0 ara d | ||
| 020 | _a4001883013 | ||
| 040 |
_aGCL / _cGCL |
||
| 082 | 0 | 4 |
_a621.8 _bا ت |
| 100 | 1 | _aابولد ،هانز | |
| 245 | 1 | 0 |
_aتكنولوجيا ميكانيكا الالات / _cابولد ،هانز |
| 700 | 1 | _aفايلر ، كورت | |
| 700 | 1 | _aجروند ، جورج | |
| 700 | 1 | _aراينهارد ، الفريد | |
| 700 | 1 | _aشميت ، باول | |
| 250 | _aالثانية | ||
| 260 |
_aالرياض : _bهاندفيرك اوند تشنيك ، _c1985 |
||
| 300 |
_a339ص ؛ _c30سم |
||
| 490 |
_aكتب تعليمية فنية _v0 |
||
| 650 | 0 | 4 | _aالخراطة |
| 650 | 0 | 4 | _aاشغال المعادن |
| 650 | 0 | 4 | _aالالات - ميكانيكا |
| 942 |
_2ddc _cBK |
||
| 999 |
_c7092 _d7092 |
||